[Event "European Chess Club Cup 2023"]
[Site "Durres, Albania"]
[Date "2023.10.05"]
[Round "5.31"]
[White "Sarana, Alexey"]
[Black "Blomqvist, Erik"]
[Result "1-0"]
[TimeControl "90' + 30' & 30\""]
[WhiteElo "2682"]
[BlackElo "2509"]

1. c4 {[%clk 01:30:54]} {[%emt 00:00:05]} e5 {[%clk 01:30:11]} {[%emt
00:00:50]} 2. g3 {[%clk 01:31:13]} {[%emt 00:00:11]} Nf6 {[%clk 01:30:19]}
{[%emt 00:00:22]} 3. Bg2 {[%clk 01:31:34]} {[%emt 00:00:10]} c6 {[%clk
01:30:36]} {[%emt 00:00:12]} 4. Nf3 {[%clk 01:30:42]} {[%emt 00:01:22]} e4
{[%clk 01:30:44]} {[%emt 00:00:22]} 5. Nd4 {[%clk 01:31:07]} {[%emt 00:00:03]}
Qb6 {[%clk 01:29:52]} {[%emt 00:01:25]} 6. Nc2 {[%clk 01:28:15]} {[%emt
00:03:21]} d5 {[%clk 01:30:02]} {[%emt 00:00:20]} 7. Nc3 {[%clk 01:28:28]}
{[%emt 00:00:17]} Be7 {[%clk 01:28:19]} {[%emt 00:02:13]} 8. O-O {[%clk
01:24:32]} {[%emt 00:04:26]} O-O {[%clk 01:28:16]} {[%emt 00:00:33]} 9. cxd5
{[%clk 01:16:51]} {[%emt 00:08:12]} cxd5 {[%clk 01:28:38]} {[%emt 00:00:08]} 10.
d3 {[%clk 01:17:18]} {[%emt 00:00:03]} Nc6 {[%clk 01:23:31]} {[%emt 00:05:36]}
11. dxe4 {[%clk 01:03:39]} {[%emt 00:14:09]} dxe4 {[%clk 01:23:50]} {[%emt
00:00:11]} 12. Nd5 {[%clk 01:03:58]} {[%emt 00:00:11]} Qc5 {[%clk 01:11:41]}
{[%emt 00:12:39]} 13. Nxe7+ {[%clk 00:58:33]} {[%emt 00:05:56]} Qxe7 {[%clk
01:10:10]} {[%emt 00:02:00]} 14. b3 {[%clk 00:57:55]} {[%emt 00:01:08]} Rd8
{[%clk 01:08:31]} {[%emt 00:02:09]} 15. Qe1 {[%clk 00:58:23]} {[%emt 00:00:02]}
Qe5 {[%clk 00:51:22]} {[%emt 00:17:38]} 16. Be3 {[%clk 00:50:02]} {[%emt
00:08:52]} h6 {[%clk 00:29:29]} {[%emt 00:22:24]} 17. Rd1 {[%clk 00:48:08]}
{[%emt 00:02:23]} Be6 {[%clk 00:27:35]} {[%emt 00:02:24]} 18. f3 {[%clk
00:43:06]} {[%emt 00:05:32]} Qb2 {[%clk 00:22:12]} {[%emt 00:05:53]} 19. Rxd8+
{[%clk 00:41:53]} {[%emt 00:01:44]} Rxd8 {[%clk 00:22:33]} {[%emt 00:00:09]} 20.
Qb1 {[%clk 00:42:17]} {[%emt 00:00:05]} Qxb1 {[%clk 00:20:31]} {[%emt
00:02:32]} 21. Rxb1 {[%clk 00:42:45]} {[%emt 00:00:02]} exf3 {[%clk 00:18:18]}
{[%emt 00:02:44]} 22. exf3 {[%clk 00:35:02]} {[%emt 00:08:12]} Bf5 {[%clk
00:12:02]} {[%emt 00:06:46]} 23. Rc1 {[%clk 00:34:08]} {[%emt 00:01:24]} Nd5
{[%clk 00:12:03]} {[%emt 00:00:29]} 24. Bd2 {[%clk 00:33:50]} {[%emt 00:00:47]}
Nc7 {[%clk 00:02:21]} {[%emt 00:10:13]} 25. Be1 {[%clk 00:32:18]} {[%emt
00:02:03]} Re8 {[%clk 00:00:56]} {[%emt 00:01:55]} 26. Bf2 {[%clk 00:26:41]}
{[%emt 00:06:06]} Nb5 {[%clk 00:01:14]} {[%emt 00:00:12]} 27. Bf1 {[%clk
00:20:54]} {[%emt 00:06:17]} a6 {[%clk 00:01:30]} {[%emt 00:00:16]} 28. a4
{[%clk 00:19:11]} {[%emt 00:02:12]} Nc7 {[%clk 00:01:47]} {[%emt 00:00:12]} 29.
Nb4 {[%clk 00:10:28]} {[%emt 00:09:14]} Bd7 {[%clk 00:02:08]} {[%emt 00:00:08]}
30. Nd3 {[%clk 00:10:14]} {[%emt 00:00:44]} Ne6 {[%clk 00:01:35]} {[%emt
00:01:03]} 31. Rc3 {[%clk 00:08:29]} {[%emt 00:02:15]} Rc8 {[%clk 00:01:10]}
{[%emt 00:00:55]} 32. Be2 {[%clk 00:06:36]} {[%emt 00:02:23]} Ncd4 {[%clk
00:00:42]} {[%emt 00:00:58]} 33. Rxc8+ {[%clk 00:07:05]} {[%emt 00:00:02]} Bxc8
{[%clk 00:01:07]} {[%emt 00:00:05]} 34. Bd1 {[%clk 00:07:30]} {[%emt 00:00:04]}
b5 {[%clk 00:00:51]} {[%emt 00:00:46]} 35. Be3 {[%clk 00:04:51]} {[%emt
00:03:09]} Bb7 {[%clk 00:00:57]} {[%emt 00:00:24]} 36. Kf2 {[%clk 00:05:15]}
{[%emt 00:00:06]} Bd5 {[%clk 00:01:11]} {[%emt 00:00:17]} 37. Bxd4 {[%clk
00:02:40]} {[%emt 00:03:05]} Nxd4 {[%clk 00:01:35]} {[%emt 00:00:05]} 38. Nc5
{[%clk 00:03:08]} {[%emt 00:00:02]} bxa4 {[%clk 00:00:57]} {[%emt 00:01:08]} 39.
bxa4 {[%clk 00:03:35]} {[%emt 00:00:03]} a5 {[%clk 00:01:00]} {[%emt 00:00:28]}
40. Ke3 {[%clk 00:04:03]} {[%emt 00:00:01]} Nc6 {[%clk 00:00:32]} {[%emt
00:00:58]} 41. Bb3 {[%clk 00:01:37]} {[%emt 00:02:56]} Bxb3 {[%clk 00:15:23]}
{[%emt 00:15:40]} 42. Nxb3 {[%clk 00:31:48]} {[%emt 00:00:18]} f5 {[%clk
00:15:40]} {[%emt 00:00:13]} 43. Kd3 {[%clk 00:30:44]} {[%emt 00:01:34]} Ne5+
{[%clk 00:12:14]} {[%emt 00:03:56]} 44. Kd4 {[%clk 00:29:44]} {[%emt 00:01:30]}
Nxf3+ {[%clk 00:12:36]} {[%emt 00:00:09]} 45. Kd5 {[%clk 00:30:09]} {[%emt
00:00:03]} Ng5 {[%clk 00:09:32]} {[%emt 00:03:35]} 46. Nxa5 {[%clk 00:30:22]}
{[%emt 00:00:18]} Ne4 {[%clk 00:09:55]} {[%emt 00:00:06]} 47. Kd4 {[%clk
00:30:24]} {[%emt 00:00:28]} Kf7 {[%clk 00:10:08]} {[%emt 00:00:17]} 48. Nb7
{[%clk 00:30:17]} {[%emt 00:00:38]} Ke7 {[%clk 00:09:53]} {[%emt 00:00:44]} 49.
a5 {[%clk 00:30:35]} {[%emt 00:00:13]} Kd7 {[%clk 00:08:41]} {[%emt 00:01:42]}
50. Nc5+ {[%clk 00:30:28]} {[%emt 00:00:37]} Nxc5 {[%clk 00:09:05]} {[%emt
00:00:05]} 51. Kxc5 {[%clk 00:30:55]} {[%emt 00:00:03]} 1-0

[Event "European Chess Club Cup 2023"]
[Site "Durres, Albania"]
[Date "2023.10.05"]
[Round "5.32"]
[White "Seo, Jung Min"]
[Black "Pechac, Jergus"]
[Result "1/2-1/2"]
[TimeControl "90' + 30' & 30\""]
[WhiteElo "2466"]
[BlackElo "2596"]

1. d4 {[%clk 01:30:59]} Nf6 {[%clk 01:30:20]} {[%emt 00:00:39]} 2. c4 {[%clk
01:31:26]} {[%emt 00:00:03]} e6 {[%clk 01:30:42]} {[%emt 00:00:09]} 3. Nf3
{[%clk 01:31:54]} {[%emt 00:00:02]} d5 {[%clk 01:30:59]} {[%emt 00:00:12]} 4.
Nc3 {[%clk 01:32:21]} {[%emt 00:00:04]} Be7 {[%clk 01:31:11]} {[%emt 00:00:17]}
5. Bf4 {[%clk 01:32:06]} {[%emt 00:00:47]} O-O {[%clk 01:31:33]} {[%emt
00:00:07]} 6. e3 {[%clk 01:32:34]} {[%emt 00:00:02]} Nbd7 {[%clk 01:31:54]}
{[%emt 00:00:08]} 7. a3 {[%clk 01:32:57]} {[%emt 00:00:08]} c5 {[%clk
01:32:18]} {[%emt 00:00:05]} 8. cxd5 {[%clk 01:32:54]} {[%emt 00:00:33]} Nxd5
{[%clk 01:32:41]} {[%emt 00:00:07]} 9. Nxd5 {[%clk 01:33:21]} {[%emt 00:00:04]}
exd5 {[%clk 01:33:02]} {[%emt 00:00:09]} 10. dxc5 {[%clk 01:33:49]} {[%emt
00:00:02]} Nxc5 {[%clk 01:33:22]} {[%emt 00:00:09]} 11. Be5 {[%clk 01:33:44]}
{[%emt 00:00:36]} Bf5 {[%clk 01:33:42]} {[%emt 00:00:09]} 12. Be2 {[%clk
01:34:09]} {[%emt 00:00:06]} Be4 {[%clk 01:33:10]} {[%emt 00:01:02]} 13. O-O
{[%clk 01:34:22]} {[%emt 00:00:17]} Bf6 {[%clk 01:33:14]} {[%emt 00:00:25]} 14.
Bxf6 {[%clk 01:34:24]} {[%emt 00:00:28]} Qxf6 {[%clk 01:33:37]} {[%emt
00:00:07]} 15. Nd4 {[%clk 01:33:04]} {[%emt 00:01:51]} Ne6 {[%clk 01:33:01]}
{[%emt 00:01:06]} 16. Qd2 {[%clk 01:30:01]} {[%emt 00:03:33]} Qg5 {[%clk
01:23:54]} {[%emt 00:09:36]} 17. f3 {[%clk 01:29:42]} {[%emt 00:00:50]} Nxd4
{[%clk 01:24:11]} {[%emt 00:00:13]} 18. Qxd4 {[%clk 01:30:08]} {[%emt
00:00:04]} Bf5 {[%clk 01:24:15]} {[%emt 00:00:25]} 19. Rfe1 {[%clk 01:21:31]}
{[%emt 00:09:07]} h5 {[%clk 01:18:02]} {[%emt 00:06:44]} 20. Rac1 {[%clk
01:04:03]} {[%emt 00:17:57]} h4 {[%clk 01:16:32]} {[%emt 00:02:00]} 21. Rc5
{[%clk 00:51:53]} {[%emt 00:12:40]} Rad8 {[%clk 01:15:43]} {[%emt 00:01:20]} 22.
Bf1 {[%clk 00:52:03]} {[%emt 00:00:21]} Bc8 {[%clk 01:00:11]} {[%emt 00:16:00]}
23. Rec1 {[%clk 00:48:04]} {[%emt 00:04:30]} Rfe8 {[%clk 00:55:51]} {[%emt
00:04:50]} 24. R1c3 {[%clk 00:43:47]} {[%emt 00:04:47]} a6 {[%clk 00:54:20]}
{[%emt 00:02:00]} 25. Kf2 {[%clk 00:39:29]} {[%emt 00:04:49]} Be6 {[%clk
00:46:55]} {[%emt 00:07:54]} 26. Rc7 {[%clk 00:38:53]} {[%emt 00:01:06]} Rd7
{[%clk 00:45:43]} {[%emt 00:01:42]} 27. Rxd7 {[%clk 00:31:02]} {[%emt
00:08:22]} Bxd7 {[%clk 00:46:07]} {[%emt 00:00:06]} 28. Rc5 {[%clk 00:31:14]}
{[%emt 00:00:17]} Be6 {[%clk 00:45:16]} {[%emt 00:01:21]} 29. Rc7 {[%clk
00:25:00]} {[%emt 00:06:43]} Rc8 {[%clk 00:36:14]} {[%emt 00:09:33]} 30. Rxc8+
{[%clk 00:19:59]} {[%emt 00:05:32]} Bxc8 {[%clk 00:36:37]} {[%emt 00:00:06]} 31.
b4 {[%clk 00:19:38]} {[%emt 00:00:51]} Bd7 {[%clk 00:32:08]} {[%emt 00:04:59]}
32. Bd3 {[%clk 00:16:42]} {[%emt 00:03:27]} Bc6 {[%clk 00:31:45]} {[%emt
00:00:52]} 33. Bc2 {[%clk 00:11:01]} {[%emt 00:06:11]} Qe7 {[%clk 00:29:21]}
{[%emt 00:02:54]} 34. Bb3 {[%clk 00:10:05]} {[%emt 00:01:27]} Qg5 {[%clk
00:29:25]} {[%emt 00:00:25]} 35. a4 {[%clk 00:08:22]} {[%emt 00:02:14]} Qf5
{[%clk 00:27:34]} {[%emt 00:02:21]} 36. Qxh4 {[%clk 00:02:32]} {[%emt
00:06:20]} Qd3 {[%clk 00:27:56]} {[%emt 00:00:08]} 37. Qd8+ {[%clk 00:02:59]}
{[%emt 00:00:03]} Kh7 {[%clk 00:28:18]} {[%emt 00:00:07]} 38. Qh4+ {[%clk
00:03:27]} {[%emt 00:00:03]} Kg8 {[%clk 00:28:42]} {[%emt 00:00:06]} 39. Qd8+
{[%clk 00:03:54]} {[%emt 00:00:03]} Kh7 {[%clk 00:29:07]} {[%emt 00:00:05]} 40.
Qh4+ {[%clk 00:04:19]} {[%emt 00:00:04]} Kg8 {[%clk 00:29:28]} {[%emt
00:00:09]} 41. Qd8+ {[%clk 00:04:45]} {[%emt 00:00:05]} 1/2-1/2

[Event "European Chess Club Cup 2023"]
[Site "Durres, Albania"]
[Date "2023.10.05"]
[Round "5.33"]
[White "Banusz, Tamas"]
[Black "Trost, Edvin"]
[Result "1-0"]
[TimeControl "90' + 30' & 30\""]
[WhiteElo "2600"]
[BlackElo "2442"]

1. d4 {[%clk 01:30:43]} {[%emt 00:00:16]} d5 {[%clk 01:30:14]} {[%emt
00:00:46]} 2. Nf3 {[%clk 01:31:07]} {[%emt 00:00:06]} Nf6 {[%clk 01:30:17]}
{[%emt 00:00:27]} 3. c3 {[%clk 01:31:30]} {[%emt 00:00:06]} g6 {[%clk
01:21:17]} {[%emt 00:09:31]} 4. Bf4 {[%clk 01:31:44]} {[%emt 00:00:16]} Bg7
{[%clk 01:21:09]} {[%emt 00:00:38]} 5. e3 {[%clk 01:32:00]} {[%emt 00:00:14]}
O-O {[%clk 01:20:50]} {[%emt 00:00:48]} 6. Nbd2 {[%clk 01:30:54]} {[%emt
00:01:37]} c5 {[%clk 01:10:17]} {[%emt 00:11:03]} 7. Be2 {[%clk 01:27:08]}
{[%emt 00:04:16]} Nc6 {[%clk 01:05:55]} {[%emt 00:04:52]} 8. dxc5 {[%clk
01:21:35]} {[%emt 00:06:02]} Nh5 {[%clk 01:04:47]} {[%emt 00:01:39]} 9. Bg5
{[%clk 01:17:42]} {[%emt 00:04:23]} h6 {[%clk 01:01:30]} {[%emt 00:03:48]} 10.
Bh4 {[%clk 01:18:06]} {[%emt 00:00:05]} g5 {[%clk 01:01:17]} {[%emt 00:00:43]}
11. Bg3 {[%clk 01:16:49]} {[%emt 00:01:48]} Nxg3 {[%clk 00:57:42]} {[%emt
00:04:05]} 12. hxg3 {[%clk 01:17:09]} {[%emt 00:00:09]} e5 {[%clk 00:58:02]}
{[%emt 00:00:11]} 13. e4 {[%clk 01:13:50]} {[%emt 00:03:49]} Be6 {[%clk
00:54:05]} {[%emt 00:04:27]} 14. Qa4 {[%clk 01:08:04]} {[%emt 00:06:16]} f5
{[%clk 00:49:42]} {[%emt 00:04:52]} 15. exd5 {[%clk 01:06:29]} {[%emt
00:02:05]} Bxd5 {[%clk 00:49:23]} {[%emt 00:00:50]} 16. O-O-O {[%clk 01:03:01]}
{[%emt 00:04:27]} Qe7 {[%clk 00:42:38]} {[%emt 00:07:45]} 17. Nc4 {[%clk
00:57:45]} {[%emt 00:05:46]} Qxc5 {[%clk 00:35:58]} {[%emt 00:07:10]} 18. b4
{[%clk 00:48:56]} {[%emt 00:09:19]} Qxf2 {[%clk 00:35:39]} {[%emt 00:00:49]} 19.
Rxd5 {[%clk 00:49:20]} {[%emt 00:00:06]} Qxe2 {[%clk 00:35:14]} {[%emt
00:00:56]} 20. Qb3 {[%clk 00:49:02]} {[%emt 00:00:47]} Rac8 {[%clk 00:14:29]}
{[%emt 00:21:15]} 21. Nd6 {[%clk 00:38:56]} {[%emt 00:10:36]} Kh8 {[%clk
00:14:18]} {[%emt 00:00:41]} 22. Rd2 {[%clk 00:36:32]} {[%emt 00:02:54]} Qe3
{[%clk 00:14:44]} {[%emt 00:00:05]} 23. Re1 {[%clk 00:34:33]} {[%emt 00:02:28]}
Qb6 {[%clk 00:14:40]} {[%emt 00:00:34]} 24. Nxc8 {[%clk 00:33:55]} {[%emt
00:01:08]} Rxc8 {[%clk 00:15:09]} {[%emt 00:00:01]} 25. Qe6 {[%clk 00:33:31]}
{[%emt 00:00:53]} Rf8 {[%clk 00:10:23]} {[%emt 00:05:17]} 26. Nxg5 {[%clk
00:30:13]} {[%emt 00:03:47]} Ne7 {[%clk 00:04:58]} {[%emt 00:05:56]} 27. Qxe7
{[%clk 00:29:02]} {[%emt 00:01:41]} hxg5 {[%clk 00:05:20]} {[%emt 00:00:08]} 28.
Rd6 {[%clk 00:28:23]} {[%emt 00:01:09]} Qb5 {[%clk 00:05:46]} {[%emt 00:00:05]}
29. Rh1+ {[%clk 00:28:24]} {[%emt 00:00:27]} Kg8 {[%clk 00:06:15]} {[%emt
00:00:02]} 30. Qe6+ {[%clk 00:28:20]} {[%emt 00:00:34]} Rf7 {[%clk 00:06:41]}
{[%emt 00:00:03]} 31. Rd8+ {[%clk 00:28:40]} {[%emt 00:00:10]} Bf8 {[%clk
00:07:08]} {[%emt 00:00:03]} 32. Rxf8+ {[%clk 00:28:54]} {[%emt 00:00:17]} Kxf8
{[%clk 00:07:27]} {[%emt 00:00:11]} 33. Rh8+ {[%clk 00:29:18]} {[%emt
00:00:05]} 1-0

[Event "European Chess Club Cup 2023"]
[Site "Durres, Albania"]
[Date "2023.10.05"]
[Round "5.34"]
[White "Barkhagen, Jonas"]
[Black "Ivic, Velimir"]
[Result "1/2-1/2"]
[TimeControl "90' + 30' & 30\""]
[WhiteElo "2425"]
[BlackElo "2562"]

1. d4 {[%clk 01:28:39]} {[%emt 00:02:19]} Nf6 {[%clk 01:30:33]} {[%emt
00:00:28]} 2. Nf3 {[%clk 01:28:38]} {[%emt 00:00:31]} g6 {[%clk 01:30:38]}
{[%emt 00:00:25]} 3. Bg5 {[%clk 01:28:49]} {[%emt 00:00:18]} Bg7 {[%clk
01:30:41]} {[%emt 00:00:27]} 4. Nbd2 {[%clk 01:29:03]} {[%emt 00:00:16]} O-O
{[%clk 01:29:47]} {[%emt 00:01:25]} 5. e3 {[%clk 01:28:12]} {[%emt 00:01:20]}
d6 {[%clk 01:29:08]} {[%emt 00:01:10]} 6. Bc4 {[%clk 01:26:43]} {[%emt
00:01:58]} Nc6 {[%clk 01:27:59]} {[%emt 00:01:39]} 7. O-O {[%clk 01:26:37]}
{[%emt 00:00:36]} Qe8 {[%clk 01:27:42]} {[%emt 00:00:47]} 8. c3 {[%clk
01:18:17]} {[%emt 00:08:50]} e5 {[%clk 01:24:03]} {[%emt 00:04:09]} 9. dxe5
{[%clk 01:15:42]} {[%emt 00:03:05]} dxe5 {[%clk 01:19:25]} {[%emt 00:05:08]} 10.
e4 {[%clk 01:09:33]} {[%emt 00:06:39]} h6 {[%clk 01:18:08]} {[%emt 00:01:48]}
11. Bxf6 {[%clk 01:00:19]} {[%emt 00:09:43]} Bxf6 {[%clk 01:18:33]} {[%emt
00:00:05]} 12. Re1 {[%clk 01:00:42]} {[%emt 00:00:07]} Qe7 {[%clk 01:13:50]}
{[%emt 00:05:13]} 13. Nf1 {[%clk 00:59:56]} {[%emt 00:01:16]} Nb8 {[%clk
01:07:58]} {[%emt 00:06:23]} 14. Qd2 {[%clk 00:55:47]} {[%emt 00:04:38]} Kg7
{[%clk 01:02:06]} {[%emt 00:06:23]} 15. Ne3 {[%clk 00:51:17]} {[%emt 00:05:00]}
c6 {[%clk 01:01:59]} {[%emt 00:00:37]} 16. Rad1 {[%clk 00:51:34]} {[%emt
00:00:12]} h5 {[%clk 00:59:39]} {[%emt 00:02:51]} 17. Be2 {[%clk 00:41:13]}
{[%emt 00:10:50]} Nd7 {[%clk 00:51:41]} {[%emt 00:08:29]} 18. Nc4 {[%clk
00:21:36]} {[%emt 00:20:07]} Nb6 {[%clk 00:50:57]} {[%emt 00:01:14]} 19. Qe3
{[%clk 00:16:53]} {[%emt 00:05:12]} Nxc4 {[%clk 00:34:51]} {[%emt 00:16:36]} 20.
Bxc4 {[%clk 00:17:15]} {[%emt 00:00:08]} Qc7 {[%clk 00:31:06]} {[%emt
00:04:16]} 21. Qc5 {[%clk 00:14:50]} {[%emt 00:02:54]} Bg4 {[%clk 00:27:09]}
{[%emt 00:04:28]} 22. Qe3 {[%clk 00:07:53]} {[%emt 00:07:27]} Qb6 {[%clk
00:20:59]} {[%emt 00:06:39]} 23. h3 {[%clk 00:07:39]} {[%emt 00:00:44]} Bc8
{[%clk 00:20:29]} {[%emt 00:01:01]} 24. Re2 {[%clk 00:04:30]} {[%emt 00:03:38]}
Re8 {[%clk 00:17:53]} {[%emt 00:03:08]} 25. Bb3 {[%clk 00:03:21]} {[%emt
00:01:37]} Qxe3 {[%clk 00:08:02]} {[%emt 00:10:22]} 26. Rxe3 {[%clk 00:03:44]}
{[%emt 00:00:07]} a5 {[%clk 00:07:08]} {[%emt 00:01:24]} 27. a4 {[%clk
00:02:35]} {[%emt 00:01:38]} Ra7 {[%clk 00:07:19]} {[%emt 00:00:20]} 28. Bc4
{[%clk 00:02:20]} {[%emt 00:00:45]} b6 {[%clk 00:07:13]} {[%emt 00:00:36]} 29.
Red3 {[%clk 00:01:58]} {[%emt 00:00:52]} Rc7 {[%clk 00:06:40]} {[%emt
00:01:03]} 30. Kf1 {[%clk 00:02:14]} {[%emt 00:00:12]} Ree7 {[%clk 00:05:53]}
{[%emt 00:01:18]} 31. Rd8 {[%clk 00:01:55]} {[%emt 00:00:49]} Bb7 {[%emt
00:04:55]} 32. R1d6 {[%clk 00:00:43]} b5 {[%clk 00:02:20]} {[%emt 00:01:21]} 33.
axb5 {[%clk 00:01:06]} {[%emt 00:00:06]} cxb5 {[%clk 00:02:48]} {[%emt
00:00:02]} 34. Bd5 {[%clk 00:00:53]} {[%emt 00:00:43]} b4 {[%clk 00:02:25]}
{[%emt 00:00:53]} 35. Bxb7 {[%clk 00:01:13]} {[%emt 00:00:10]} bxc3 {[%clk
00:02:14]} {[%emt 00:00:42]} 36. bxc3 {[%clk 00:01:33]} {[%emt 00:00:09]} Rxb7
{[%clk 00:02:40]} {[%emt 00:00:05]} 37. Ra8 {[%clk 00:01:04]} {[%emt 00:00:58]}
Rb1+ {[%clk 00:01:49]} {[%emt 00:01:21]} 38. Ke2 {[%clk 00:01:24]} {[%emt
00:00:10]} Rc7 {[%clk 00:01:22]} {[%emt 00:00:56]} 39. Rxa5 {[%clk 00:01:03]}
{[%emt 00:00:52]} Rxc3 {[%clk 00:01:22]} {[%emt 00:00:30]} 40. Nxe5 {[%clk
00:00:47]} {[%emt 00:00:45]} Rb4 {[%clk 00:00:34]} {[%emt 00:01:19]} 41. Nd3
{[%clk 00:17:19]} {[%emt 00:13:57]} Rxe4+ {[%clk 00:28:57]} {[%emt 00:02:08]}
42. Kf3 {[%clk 00:17:24]} {[%emt 00:00:24]} Rd4 {[%clk 00:23:19]} {[%emt
00:06:09]} 43. Rxd4 {[%clk 00:17:10]} {[%emt 00:00:43]} Bxd4 {[%clk 00:23:43]}
{[%emt 00:00:06]} 44. Ke2 {[%clk 00:13:18]} {[%emt 00:04:22]} Rc2+ {[%clk
00:23:06]} {[%emt 00:01:08]} 45. Kd1 {[%clk 00:13:37]} {[%emt 00:00:09]} Rc6
{[%clk 00:23:23]} {[%emt 00:00:14]} 1/2-1/2

[Event "European Chess Club Cup 2023"]
[Site "Durres, Albania"]
[Date "2023.10.05"]
[Round "5.35"]
[White "Balog, Imre"]
[Black "Kenneskog, Theodor"]
[Result "1-0"]
[TimeControl "90' + 30' & 30\""]
[WhiteElo "2622"]
[BlackElo "2335"]

1. d4 {[%clk 01:30:51]} {[%emt 00:00:08]} Nf6 {[%clk 01:30:56]} {[%emt
00:00:04]} 2. c4 {[%clk 01:30:39]} {[%emt 00:00:37]} e6 {[%clk 01:31:20]}
{[%emt 00:00:11]} 3. Nf3 {[%clk 01:29:59]} {[%emt 00:01:10]} d5 {[%clk
01:31:45]} {[%emt 00:00:05]} 4. g3 {[%clk 01:30:18]} {[%emt 00:00:11]} dxc4
{[%clk 01:32:01]} {[%emt 00:00:14]} 5. Bg2 {[%clk 01:29:07]} {[%emt 00:01:40]}
c5 {[%clk 01:32:09]} {[%emt 00:00:22]} 6. O-O {[%clk 01:27:55]} {[%emt
00:01:42]} Nc6 {[%clk 01:32:34]} {[%emt 00:00:05]} 7. Na3 {[%clk 01:25:44]}
{[%emt 00:02:41]} cxd4 {[%clk 01:32:10]} {[%emt 00:00:55]} 8. Nxc4 {[%clk
01:26:09]} {[%emt 00:00:06]} Bc5 {[%clk 01:22:36]} {[%emt 00:10:03]} 9. Bf4
{[%clk 01:23:23]} {[%emt 00:03:15]} Nd5 {[%clk 01:09:59]} {[%emt 00:13:07]} 10.
Be5 {[%clk 01:09:27]} {[%emt 00:14:27]} O-O {[%clk 01:01:08]} {[%emt 00:09:20]}
11. Rc1 {[%clk 01:05:45]} {[%emt 00:04:11]} Qe7 {[%clk 00:50:03]} {[%emt
00:11:36]} 12. Nxd4 {[%clk 01:05:33]} {[%emt 00:00:42]} Nxe5 {[%clk 00:50:09]}
{[%emt 00:00:24]} 13. Nxe5 {[%clk 01:05:56]} {[%emt 00:00:07]} Bb6 {[%clk
00:38:06]} {[%emt 00:12:33]} 14. e3 {[%clk 00:46:24]} {[%emt 00:20:03]} Rd8
{[%clk 00:31:14]} {[%emt 00:07:22]} 15. Qb3 {[%clk 00:43:04]} {[%emt 00:03:49]}
Qf6 {[%clk 00:30:25]} {[%emt 00:01:20]} 16. Ndf3 {[%clk 00:42:08]} {[%emt
00:01:26]} Bd7 {[%clk 00:16:55]} {[%emt 00:14:00]} 17. Nc4 {[%clk 00:38:37]}
{[%emt 00:04:00]} Bc6 {[%clk 00:14:18]} {[%emt 00:03:08]} 18. Nfe5 {[%clk
00:37:52]} {[%emt 00:01:14]} Bc7 {[%clk 00:07:54]} {[%emt 00:06:55]} 19. Nxc6
{[%clk 00:34:59]} {[%emt 00:03:23]} bxc6 {[%clk 00:08:21]} {[%emt 00:00:03]} 20.
a3 {[%clk 00:33:55]} {[%emt 00:01:33]} Rab8 {[%clk 00:06:40]} {[%emt 00:02:11]}
21. Qc2 {[%clk 00:32:37]} {[%emt 00:01:48]} c5 {[%clk 00:05:59]} {[%emt
00:01:12]} 22. Rfd1 {[%clk 00:32:31]} {[%emt 00:00:35]} Be5 {[%clk 00:04:51]}
{[%emt 00:01:39]} 23. b3 {[%clk 00:32:06]} {[%emt 00:00:54]} Rbc8 {[%clk
00:04:09]} {[%emt 00:01:13]} 24. Rd3 {[%clk 00:31:43]} {[%emt 00:00:53]} Nb6
{[%clk 00:03:51]} {[%emt 00:00:49]} 25. Nxe5 {[%clk 00:26:41]} {[%emt
00:05:31]} Qxe5 {[%clk 00:04:18]} {[%emt 00:00:04]} 26. Qxc5 {[%clk 00:25:38]}
{[%emt 00:01:32]} Qxc5 {[%clk 00:00:47]} {[%emt 00:04:00]} 27. Rxd8+ {[%clk
00:25:57]} {[%emt 00:00:12]} Rxd8 {[%clk 00:01:15]} {[%emt 00:00:02]} 28. Rxc5
{[%clk 00:26:17]} {[%emt 00:00:10]} Rd3 {[%clk 00:01:21]} {[%emt 00:00:24]} 29.
a4 {[%clk 00:26:01]} {[%emt 00:00:46]} g6 {[%clk 00:00:40]} {[%emt 00:01:12]}
30. Rb5 {[%clk 00:24:56]} {[%emt 00:01:34]} Kg7 {[%clk 00:00:37]} {[%emt
00:00:33]} 31. Kf1 {[%clk 00:20:45]} {[%emt 00:04:40]} Rc3 {[%clk 00:00:34]}
{[%emt 00:00:34]} 32. Ke1 {[%clk 00:20:44]} {[%emt 00:00:30]} Rc1+ {[%clk
00:00:39]} {[%emt 00:00:26]} 33. Kd2 {[%clk 00:20:51]} {[%emt 00:00:22]} Rg1
{[%clk 00:01:03]} {[%emt 00:00:06]} 34. Bc6 {[%clk 00:20:57]} {[%emt 00:00:25]}
Rf1 {[%clk 00:01:03]} {[%emt 00:00:30]} 35. Ke2 {[%clk 00:20:20]} {[%emt
00:01:07]} Rb1 {[%clk 00:01:19]} {[%emt 00:00:14]} 36. f4 {[%clk 00:18:18]}
{[%emt 00:02:31]} Rb2+ {[%clk 00:00:41]} {[%emt 00:01:09]} 37. Kd3 {[%clk
00:18:42]} {[%emt 00:00:06]} Rxh2 {[%clk 00:00:36]} {[%emt 00:00:34]} 38. a5
{[%clk 00:18:31]} {[%emt 00:00:41]} Nc8 {[%clk 00:01:03]} {[%emt 00:00:04]} 39.
Rb7 {[%clk 00:18:53]} {[%emt 00:00:07]} Rb2 {[%clk 00:01:09]} {[%emt 00:00:25]}
40. Ba4 {[%clk 00:18:47]} {[%emt 00:00:36]} Rg2 {[%clk 00:00:32]} {[%emt
00:01:07]} 41. Bd7 {[%clk 00:18:15]} {[%emt 00:01:01]} Nd6 {[%clk 00:00:42]}
{[%emt 00:00:21]} 42. Rxa7 {[%clk 00:18:36]} {[%emt 00:00:08]} Rxg3 {[%clk
00:28:15]} {[%emt 00:02:57]} 43. Bxe6 {[%clk 00:47:35]} {[%emt 00:01:31]} 1-0